| 000 | 00000nam 2200000zi 4500 |
| 001 | 9.920033 |
| 003 | CaOODSP |
| 005 | 20240724135919 |
| 006 | m o d f |
| 007 | cr ||||||||||| |
| 008 | 230213t20222022onc o f000 0 eng d |
| 020 | |a9780660475752 |
| 040 | |aCaOODSP|beng|erda|cCaOODSP |
| 043 | |an-cn--- |
| 086 | 1 |aH164-243/2023E-PDF |
| 245 | 00|aPerformance standards for the fees in respect of drugs and medical devices order. |
| 250 | |a[November 1, 2022 edition]. |
| 264 | 1|aOttawa, ON : |bHealth Canada = Santé Canada, |c2022. |
| 264 | 4|c©2022 |
| 300 | |a1 online resource (9 pages) |
| 336 | |atext|btxt|2rdacontent |
| 337 | |acomputer|bc|2rdamedia |
| 338 | |aonline resource|bcr|2rdacarrier |
| 500 | |aIssued also in French under title: Normes de rendement pour l'arrêté sur les prix à payer à l'égard des drogues et instruments médicaux. |
| 500 | |a"November 1, 2022." |
| 520 | |a"The purpose of this document is to provide the performance standards to be used to determine whether a remission should be granted, under the Fees in Respect of Drugs and Medical Devices Order (Order), to a person who must pay a fee under that Order"--page 3. |
| 650 | 0|aMedical instruments and apparatus industry|xLicenses|xFees|zCanada. |
| 710 | 1 |aCanada. |bHealth Canada, |eissuing body. |
| 775 | 08|tNormes de rendement pour l'arrêté sur les prix à payer à l'égard des drogues et instruments médicaux.|w(CaOODSP)9.920034 |
| 794 | |tPerformance standards for the fees in respect of drugs and medical devices order.|b[September 11, 2023 edition]|w(CaOODSP)9.925059 |
| 795 | |tPerformance standards for the fees in respect of drugs and medical devices order.|b[November 22, 2018 edition]|w(CaOODSP)9.862683 |
| 856 | 40|qPDF|s507 KB|uhttps://publications.gc.ca/collections/collection_2023/sc-hc/H164-243-2023-eng.pdf |
| 856 | 4 |qHTML|sN/A|uhttps://www.canada.ca/en/health-canada/services/publications/drugs-health-products/performance-fees-drugs-medical-devices.html |
| 986 | |a220770 |